000 00416nam a22001697a 4500
003 OSt
005 20210906112113.0
008 210906b |||||||| |||| 00| 0 eng d
020 _a0-19-510813-2
040 _aDDC
_cHU
082 _21ST
_a338.433621
_b2
100 _aPETER ZWEIFEL
_91778
245 _aHEALTH ECONOMICS
250 _a1ST
260 _aNEW YORK
_bOXFORD UNIVERSITY PRESS
_c1997
942 _2ddc
_cBOOKS
_n0
999 _c2145
_d2145